| 000 | 01893nam a2200469Ii 4500 | ||
|---|---|---|---|
| 001 | DIGSGL21ES0086 | ||
| 003 | NyNyDIG | ||
| 008 | 170627s2013 sp ob 000 0 spa d | ||
| 006 | m o d | ||
| 007 | cr ||||||||||| | ||
| 035 | _a(OCoLC)896824994 | ||
| 040 |
_aDGITA _beng _erda _epn _cDGITA |
||
| 020 |
_a9788432316814 _q(eBook ; _qePub) |
||
| 020 |
_a8432316814 _q(eBook ; _qePub) |
||
| 020 | _z9788432316500 | ||
| 020 | _z8432316504 | ||
| 050 | 1 | 4 | _aCB19 ebook |
| 100 | 1 |
_aAlonso Benito, L. E. _q(Luis Enrique), _eauthor. |
|
| 245 | 1 | 4 |
_aLos discursos del presente : _bun análisis de los imaginarios sociales contemporáneos / _cLuis Enrique Alonso y Carlos Jesús Fernández Rodríguez. |
| 264 | 1 |
_aTres Cantos, Madrid, España : _bSiglo XXI de España Editores, S.A., _c[2013] |
|
| 300 | _a1 online resource. | ||
| 336 |
_atext _btxt _2rdacontent |
||
| 337 |
_acomputer _bc _2rdamedia |
||
| 338 |
_aonline resource _bcr _2rdacarrier |
||
| 504 | _aIncludes bibliographical references. | ||
| 588 | 0 | _aOnline resource; title from ePub title page (Digitalia, viewed June 28, 2017) | |
| 600 | 1 | 0 |
_aLipovetsky, Gilles, _d1944- |
| 600 | 1 | 0 |
_aBauman, Zygmunt, _d1925-2017. |
| 600 | 1 | 0 | _aMaffesoli, Michel. |
| 600 | 1 | 0 | _aBarthes, Roland. |
| 650 | 0 |
_aCivilization _xPhilosophy. |
|
| 650 | 0 | _aDiscourse analysis. | |
| 650 | 0 | _aSociology. | |
| 655 | 0 | _aElectronic books. | |
| 700 | 1 |
_aFernández Rodríguez, Carlos Jesús, _eauthor. |
|
| 791 | 2 |
_aDigitalia (Firm), _edistributor. |
|
| 793 | 0 |
_gDigitalia eBook Collection: _aSiglo XXI de España Editores |
|
| 776 | 0 | 8 |
_iPrint version: _aAlonso Benito, L. E. (Luis Enrique). _tDiscursos del presente. _dMadrid : Siglo XXI de España Editores, ©2013 _z9788432316500 _w(OCoLC)962126719 |
| 856 | 4 | 0 |
_3Digitalia Hispánica _uhttps://www.digitaliapublishing.com/a/37602/ |
| 910 | _aPremium Collection: 2017 | ||
| 942 | _cRAA | ||
| 999 |
_c243664 _d243664 |
||